| 000 | 01043 a2200229 4500 | ||
|---|---|---|---|
| 005 | 20260205095010.0 | ||
| 008 | 260205b |||||||| |||| 00| 0 eng d | ||
| 020 | _a9788170163770 | ||
| 037 | _cTB | ||
| 040 |
_aCRL _cCRL |
||
| 041 |
_2hin _ahin |
||
| 084 |
_aO152,3N65x Q5 _qCRL |
||
| 100 |
_aमिश्र, गोविन्द _9864083 |
||
| 245 | _aदस प्रतिनिधि कहानियाँ | ||
| 260 |
_aनयी दिल्ली, भारत: _bकिताबघर प्रकाशन, _c2015. |
||
| 300 | _a104पृ. | ||
| 490 | _aदस प्रतिनिधि कहानियाँ सीरीज | ||
| 650 |
_aहिन्दी साहित्य _91113768 |
||
| 650 |
_aहिन्दी कहानी _91113769 |
||
| 942 |
_cTB _2CC _n0 _hO152,3N65x Q5 |
||
| 999 |
_c1467560 _d1467560 |
||